| 000 | 00484nmm a2200169Ia 4500 | ||
|---|---|---|---|
| 008 | 251105s9999||||xx |||||||||||||||||und|| | ||
| 020 | _a9788477375081 | ||
| 041 | _aspa | ||
| 100 | _aMíguez Macho, Antonio | ||
| 245 | 0 | _aHistoria breve de Galicia | |
| 264 |
_a[Madrid, España] : _bSílex Ediciones, _c2011 |
||
| 300 | _a256 páginas | ||
| 490 | _aSerie Historia | ||
| 650 | _aHistory of Europe: Spain | ||
| 856 | _uhttps://public.digitaliapublishing.com/a/12972 | ||
| 942 | _cCF | ||
| 999 |
_c85429 _d85429 |
||